Estudio de prefactibilidad para la producción de aceite Pata de Buey
Збережено в:
| Автор: | |
|---|---|
| Формат: | Книга |
| Опубліковано: |
San José, Costa Rica
1992
|
| Предмети: | |
| Теги: |
Додати тег
Немає тегів, Будьте першим, хто поставить тег для цього запису!
|
MARC
| LEADER | 00000nam a2200000Ia 4500 | ||
|---|---|---|---|
| 003 | 005409 | ||
| 005 | 20221231144325.0 | ||
| 008 | 140114s1992 cr a m 000 ||s d | ||
| 040 | |c cru CEDI | ||
| 090 | |a TFG 2541 | ||
| 100 | |a Barrientos Chacón, José Miguel |9 12583 | ||
| 245 | |a Estudio de prefactibilidad para la producción de aceite Pata de Buey | ||
| 260 | |c 1992 |a San José, Costa Rica | ||
| 300 | |a v, 114 hojas : ilustraciones ; 28 cm. | ||
| 500 | |a Proyecto de graduación(licenciatura en ingeniería química)--Universidad de Costa Rica. Facultad de Ingeniería. Escuela de Ingeniería Química | ||
| 650 | |x ACEITE PATA DE BUEY - PRODUCCION |9 12584 | ||
| 942 | |c TFG |2 ddc | ||
| 999 | |c 20166 |d 20166 | ||
